000 00506nam a2200181Ia 4500
999 _c29649
_d29649
003 OSt
005 20210111153307.0
008 190216s9999||||xx |||||||||||||| ||und||
020 _a9788124018811
040 _coclc
082 _a894.8129
_bMAR/C
100 _aMary, Rose
_97675
245 0 _aChembakam Ennoru Pappathi /
_cRose Mary
260 _bCurrent Books,
_c2010.
_aKottayam:
300 _a136p
650 _aOormakurip
942 _cBK
_2ddc
_h894.8129
_iMAR/C
_k894.8129
_mMAR/C